Gua̕ laboral 2012

Bibliographic Details
Main Author: Madero T., Yolanda
Format: eBook
Language:Spanish
Published: Bogot:̀ ECOE, 2012
Subjects:
Online Access:Acceso restringido

MARC

LEADER 00000nam a22000007a 4500
005 20220211225152.0
007 cr|||| ||||
008 220211s2012 co |||||s|||| 00||0 spa d
020 |a 9781449278557 
035 |a 35873 
040 |a vLex 
090 |c 12971  |d 12971 
100 1 |a Madero T., Yolanda 
245 1 0 |a Gua̕ laboral 2012  |h [Recurso electrn̤ico] /  |c Yolanda Madero T. 
256 |a Servicio en ln̕ea 
260 |a Bogot:̀  |b ECOE,  |c 2012 
300 |a 1 recurso electrn̤ico 
506 1 |a Disponible solo en los productos indicados  |d vLex Global  |d vLex Global (Academic Edition, excluding Law Schools)  |d vLex Global (U.S. Academic Edition, Law Schools)  |d vLex Global (U.S. Academic Edition, excluding Law Schools)  |d vLex Global (Academic Edition, Law Schools) 
650 0 4 |a Derecho Laboral y Seguridad Social  |z Colombia 
740 0 |a vLex Libros (Servicio en ln̕ea) 
856 4 0 |u https://app.vlex.com/#/sources/35873  |z Acceso restringido 
942 |c BOOK 
999 0 |a Labor law and social security